Science Quiz

Random Science or Biology Quiz
Score 0/25 Timer 05:00
1 Play Today
Hint Answer % Correct
Giant panda
99.5%
South China tiger
90.6%
Asian elephant
90.1%
Chinese white dolphin
89.6%
Human
85.5%
Bearded seal
85.1%
Red panda
77.8%
Corsac fox
77.1%
Long-eared hedgehog
73.8%
Clouded leopard
71.5%
Golden snub-nosed monkey
69.2%
Kiang
64.1%
Northern birch mouse
58.4%
Hint Answer % Correct
Lesser bamboo rat
57.8%
Yak
56.4%
Chinese water deer
51%
Himalayan striped squirrel
50%
Harbour porpoise
47%
Chinese mountain cat
46%
Raccoon dog
44.3%
Sunda pangolin
40.2%
Saiga antelope
29.9%
Tibetan macaque
16.6%
Tarbagan marmot
15%
Owston's palm civet
11.2%
Come Together.
Have Fun.
All Virtual.
We all need to come together. Play Sporcle's virtual live trivia to have fun, connect with people, and get your trivia on. Join a live hosted trivia game for your favorite pub trivia experience done virtually. If a virtual private party is more your thing, go here for details.

You're not logged in!

Compare scores with friends on all Sporcle quizzes.
OR
Log In

Sporcle TV

Today on Sporcle TV


Watch our educational content, quiz creation guides, and fun videos on Sporcle TV.

Show Comments

Extras

Top Quizzes Today


Score Distribution

Paid Content

Your Account Isn't Verified!

In order to create a playlist on Sporcle, you need to verify the email address you used during registration. Go to your Sporcle Settings to finish the process.

Report this User

Report this user for behavior that violates our Community Guidelines.

Details: